000 00416nam a2200157Ia 4500
008 230312s9999||||xx |||||||||||||| ||und||
020 _a81-8431-178-8
082 _a621.381
_bSHR-P
100 _aShrinivasan,G
245 0 _aPower System Analysis
260 _bTechnical Publications Pune
_aIndia
_c2004
300 _aP-48
546 _aEng.
650 _aEngineering
_vPower System,Per Unit Quantities
942 _cBK
999 _c1342
_d1342